01171nam a2200301 a 450000500170000000800410001702000240005802000240008203700210010604000180012708200060014510000340015124500690018526000340025430000320028849000220032050000290034252001920037165000260056365000280058965000340061765000340065165000220068570000170070794200200072499900170074495201080076120091211153339.0050113s2005 nyua b 000 1 eng  a0375829520 c100.00 a0375929525 c100.00 bBlueberry Books  adplbEnglish  aS aGreenburg, J. C.q(Judith C.) aIn the Ice Age /cby J.C. Greenburg ; illustrated by Jan Gerardi aNew York bRandom Housec2005 a85 p. :bill. c20 cm(pbk)  aAndrew lost ;v12 a"A Stepping Stone book." aStill trying to stop the evil Dr. Kron-Tox, Andrew, his cousin Judy, Thudd the robot, and Beeper find Uncle Al in the Ice Age, where they encounter prehistoric animals, birds, and people. aTime travelvFiction. aGlacial epochvFiction. aPrehistoric animalsvFiction. aPrehistoric peoplesvFiction. aCousinsvFiction. aGerardi, Jan 2ddccCHhSmGRE c32578d32578 00102ddc40708FICaAGbAGd2009-12-11g100.00l0oS GREr2009-12-11 00:00:00v100.00w2009-12-11yCH